Caro amato ragazzo : lettere d'amore a un giovane vetturino : 1868 - 1880 /

Sábháilte in:
Sonraí bibleagrafaíochta
Príomhchruthaitheoir: Whitman, Walt (Údar)
Rannpháirtithe: Giannelli, Enzo
Formáid: LEABHAR
Teanga:Iodáilis
Foilsithe / Cruthaithe: Roma : Curcio, [2006]
Sraith:Biblioteca del grano
Clibeanna: Cuir clib leis
Níl clibeanna ann, Bí ar an gcéad duine le clib a chur leis an taifead seo!

MARC

LEADER 00000nam a22000007i 4500
001 IT\ICCU\LIA\0805883
003 ItRI
005 20250724121816.0
008 070317s2006 it |||||| ||||| |||||c
020 |a 8895049020 
040 |b ita  |c ct 
041 7 |a ita  |2 ISO-639-2 
100 1 |a Whitman, Walt  |0 IT\ICCU\CFIV\088698  |4 aut 
245 1 0 |a Caro amato ragazzo :  |b lettere d'amore a un giovane vetturino : 1868 - 1880 /  |c Walt Whitman ; a cura di Enzo Giannelli. 
260 |a Roma :  |b Curcio,  |c [2006] 
300 |a 159 p. :  |b ill. ;  |c 21 cm. 
700 1 |a Giannelli, Enzo  |0 IT\ICCU\CFIV\013999 
830 0 |a Biblioteca del grano  |0 IT\ICCU\UM1\0091343 
942 |2 ddc  |c BK 
952 |0 0  |1 0  |2 ddc  |4 0  |6 B_LDV02WHIWACAR11  |7 0  |9 7275  |a MI  |b MI  |d 2010-01-29  |i 5837  |l 0  |o B-LDV02-WHIWA-CAR11  |p CDOM5837  |r 2025-07-13 16:28:35  |w 2025-07-13  |x ACQUISTO  |y BK 
981 1 |6 z01  |a i   |b xxxe  
982 1 |6 z01  |a n 
999 |c 5982  |d 5982